<?xml version="1.0" encoding="UTF-8"?>
<collection xmlns="http://www.loc.gov/MARC21/slim">
 <record>
  <leader>04274nam a2200409 a 4500</leader>
  <controlfield tag="001">1/49273</controlfield>
  <controlfield tag="008">200303s2019    gr       b    000 | gre  </controlfield>
  <datafield tag="020" ind1=" " ind2=" ">
   <subfield code="a">9789605862510</subfield>
  </datafield>
  <datafield tag="035" ind1=" " ind2=" ">
   <subfield code="l">52274</subfield>
  </datafield>
  <datafield tag="040" ind1=" " ind2=" ">
   <subfield code="a">GR-PeUP</subfield>
  </datafield>
  <datafield tag="082" ind1="0" ind2="0">
   <subfield code="a">338.4791 KOΚ</subfield>
  </datafield>
  <datafield tag="100" ind1="1" ind2=" ">
   <subfield code="a">Κοκκώσης, Χαραλάμπος.</subfield>
  </datafield>
  <datafield tag="245" ind1="1" ind2="0">
   <subfield code="a">Βιώσιμη τουριστική ανάπτυξη και περιβάλλον /</subfield>
   <subfield code="c">Χάρης Κοκκώσης, Πάρις Τσάρτας.</subfield>
  </datafield>
  <datafield tag="250" ind1=" " ind2=" ">
   <subfield code="a">2η έκδ.</subfield>
  </datafield>
  <datafield tag="260" ind1=" " ind2=" ">
   <subfield code="a">Αθήνα :</subfield>
   <subfield code="b">Κριτική,</subfield>
   <subfield code="c">2019.</subfield>
  </datafield>
  <datafield tag="300" ind1=" " ind2=" ">
   <subfield code="a">288 σ. :</subfield>
   <subfield code="b">πίν. ;</subfield>
   <subfield code="c">24 εκ.</subfield>
  </datafield>
  <datafield tag="490" ind1="1" ind2=" ">
   <subfield code="a">Τουρισμός και αναψυχή ;</subfield>
  </datafield>
  <datafield tag="500" ind1=" " ind2=" ">
   <subfield code="a">Περιεχόμενα: Πρόλογος -- Κεφάλαιο 1. Τουριστική ανάπτυξη: εννοιολογικές οριοθετήσεις και ζητήματα ανάλυσης -- Κεφάλαιο 2. Παράγοντες διαμόρφωσης των προτύπων τουριστικής ανάπτυξης -- Κεφάλαιο 3. Πρότυπα τουριστικής ανάπτυξης: παράμετροι συγκρότησης των διαφορετικών προτύπων -- Κεφάλαιο 4. Σχεδιασμός και διαχείριση της τουριστικής ανάπτυξης -- Κεφάλαιο 5. Τουριστικοί προορισμοί και τοπική διακυβέρνηση: παράγοντες συγκρότησης, ζητήματα βιωσιμότητας -- Κεφάλαιο 6. Τουρισμός και περιβάλλον -- Κεφάλαιο 7. Επιπτώσεις του τουρισμού στο φυσικό περιβάλλον -- Κεφάλαιο 8. Επιπτώσεις του τουρισμού στο δομημένο περιβάλλον -- Κεφάλαιο 9. Πολιτικές για τον τουρισμό και το περιβάλλον -- Κεφάλαιο 10. Περιβαλλοντικά προβλήματα και πολιτικές σε χαρακτηριστικές τουριστικές περιοχές -- Κεφάλαιο 11. Βιώσιμη τουριστική ανάπτυξη στα νησιά -- Κεφάλαιο 12. Τουρισμός και κλιματική αλλαγή: σύγχρονες περιβαλλοντικές προκλήσεις -- Κεφάλαιο 13. Φορείς και μέσα άσκησης πολιτικής για τον τουρισμό και το περιβάλλον -- Κεφάλαιο 14. Σχεδιασμός για τον τουρισμό και το περιβάλλον -- Κεφάλαιο 15. Ανάπτυξη του τουρισμού, κύρια θέματα ανάλυσης και τάσεις της έρευνας τα επόμενα χρόνια -- Γενική βιβλιογραφία.</subfield>
  </datafield>
  <datafield tag="504" ind1=" " ind2=" ">
   <subfield code="a">Περιέχει βιβλιογραφία.</subfield>
  </datafield>
  <datafield tag="650" ind1=" " ind2="4">
   <subfield code="a">Τουρισμός</subfield>
   <subfield code="x">Περιβαλλοντικές απόψεις.</subfield>
  </datafield>
  <datafield tag="650" ind1=" " ind2="4">
   <subfield code="a">Οικοτουρισμός.</subfield>
  </datafield>
  <datafield tag="650" ind1=" " ind2="4">
   <subfield code="a">Ecotourism.</subfield>
  </datafield>
  <datafield tag="650" ind1=" " ind2="4">
   <subfield code="a">Environmental policy</subfield>
   <subfield code="z">Greece.</subfield>
  </datafield>
  <datafield tag="650" ind1=" " ind2="4">
   <subfield code="a">Tourism.</subfield>
  </datafield>
  <datafield tag="650" ind1=" " ind2="4">
   <subfield code="a">Βιώσιμη ανάπτυξη.</subfield>
  </datafield>
  <datafield tag="650" ind1=" " ind2="4">
   <subfield code="a">Αειφορική ανάπτυξη.</subfield>
  </datafield>
  <datafield tag="650" ind1=" " ind2="4">
   <subfield code="a">Sustainable development.</subfield>
  </datafield>
  <datafield tag="650" ind1=" " ind2="4">
   <subfield code="a">Τουρισμός</subfield>
   <subfield code="x">Ανάπτυξη.</subfield>
  </datafield>
  <datafield tag="700" ind1="1" ind2=" ">
   <subfield code="a">Tσάρτας, Πάρις,</subfield>
   <subfield code="d">1956-</subfield>
  </datafield>
  <datafield tag="830" ind1=" " ind2=" ">
   <subfield code="a">Τουρισμός και αναψυχή ;</subfield>
   <subfield code="v">11</subfield>
  </datafield>
  <datafield tag="852" ind1=" " ind2=" ">
   <subfield code="a">INST</subfield>
   <subfield code="b">UNIPILB</subfield>
   <subfield code="c">MAIN</subfield>
   <subfield code="e">20200303</subfield>
   <subfield code="h">338.4791 KOΚ</subfield>
   <subfield code="p">00182582</subfield>
   <subfield code="q">00182582</subfield>
   <subfield code="t">CLOCOL</subfield>
   <subfield code="y">0</subfield>
   <subfield code="4">1</subfield>
  </datafield>
  <datafield tag="852" ind1=" " ind2=" ">
   <subfield code="a">INST</subfield>
   <subfield code="b">UNIPILB</subfield>
   <subfield code="c">MAIN</subfield>
   <subfield code="e">20200303</subfield>
   <subfield code="h">338.4791 KOΚ</subfield>
   <subfield code="p">00182583</subfield>
   <subfield code="q">00182583</subfield>
   <subfield code="t">CLOCOL</subfield>
   <subfield code="y">0</subfield>
   <subfield code="4">2</subfield>
  </datafield>
  <datafield tag="852" ind1=" " ind2=" ">
   <subfield code="a">INST</subfield>
   <subfield code="b">UNIPILB</subfield>
   <subfield code="c">MAIN</subfield>
   <subfield code="e">20200303</subfield>
   <subfield code="h">338.4791 KOΚ</subfield>
   <subfield code="p">00182584</subfield>
   <subfield code="q">00182584</subfield>
   <subfield code="t">CLOCOL</subfield>
   <subfield code="y">0</subfield>
   <subfield code="4">3</subfield>
  </datafield>
  <datafield tag="852" ind1=" " ind2=" ">
   <subfield code="a">INST</subfield>
   <subfield code="b">UNIPILB</subfield>
   <subfield code="c">MAIN</subfield>
   <subfield code="e">20200303</subfield>
   <subfield code="h">338.4791 KOΚ</subfield>
   <subfield code="p">00182585</subfield>
   <subfield code="q">00182585</subfield>
   <subfield code="t">CLOCOL</subfield>
   <subfield code="y">0</subfield>
   <subfield code="4">4</subfield>
  </datafield>
  <datafield tag="852" ind1=" " ind2=" ">
   <subfield code="a">INST</subfield>
   <subfield code="b">UNIPILB</subfield>
   <subfield code="c">MAIN</subfield>
   <subfield code="e">20200303</subfield>
   <subfield code="h">338.4791 KOΚ</subfield>
   <subfield code="p">00182586</subfield>
   <subfield code="q">00182586</subfield>
   <subfield code="t">CLOCOL</subfield>
   <subfield code="y">0</subfield>
   <subfield code="4">5</subfield>
  </datafield>
  <datafield tag="852" ind1=" " ind2=" ">
   <subfield code="a">INST</subfield>
   <subfield code="b">UNIPILB</subfield>
   <subfield code="c">MAIN</subfield>
   <subfield code="e">20200303</subfield>
   <subfield code="h">338.4791 KOΚ</subfield>
   <subfield code="p">00182587</subfield>
   <subfield code="q">00182587</subfield>
   <subfield code="t">CLOCOL</subfield>
   <subfield code="y">0</subfield>
   <subfield code="4">6</subfield>
  </datafield>
  <datafield tag="852" ind1=" " ind2=" ">
   <subfield code="a">INST</subfield>
   <subfield code="b">UNIPILB</subfield>
   <subfield code="c">MAIN</subfield>
   <subfield code="e">20200303</subfield>
   <subfield code="h">338.4791 KOΚ</subfield>
   <subfield code="p">00182588</subfield>
   <subfield code="q">00182588</subfield>
   <subfield code="t">CLOCOL</subfield>
   <subfield code="y">23</subfield>
   <subfield code="4">7</subfield>
  </datafield>
 </record>
</collection>
